[Event "SWE-ch"]
[Site "Stockholm"]
[Date "2017.07.15"]
[Round "9"]
[White "Grandelius, Nils"]
[Black "Sagit, Rauan"]
[Result "1-0"]
[WhiteElo "2642"]
[BlackElo "2406"]
[PlyCount "63"]
[EventDate "2017.07.07"]
[EventType "tourn"]
[EventRounds "9"]
[EventCountry "SWE"]
[EventCategory "10"]
[SourceTitle "CBM 179 Extra"]
[Source "ChessBase"]
[SourceDate "2017.08.23"]
[SourceVersion "1"]
[SourceVersionDate "2017.08.23"]
[SourceQuality "1"]
1. Nf3 d5 2. d4 Nf6 3. c4 e6 4. Nc3 Be7 5. Bf4 O-O 6. e3 c5 7. dxc5 Bxc5 8. Bd3
dxc4 9. Bxc4 Nh5 10. Bg5 Qxd1+ 11. Rxd1 Nc6 12. Ne4 Bb4+ 13. Ke2 h6 14. Bf4
Nxf4+ 15. exf4 Na5 16. Bd3 Bd7 17. a3 Be7 18. b4 Nc6 19. Ba6 Bc8 20. Bc4 Rb8
21. Bb5 a5 22. Bxc6 bxc6 23. Ne5 axb4 24. Nxc6 Rb7 25. Nxe7+ Rxe7 26. axb4 e5
27. Nd6 exf4+ 28. Kf3 Bb7+ 29. Kxf4 Bxg2 30. Rhe1 Rd7 31. Nf5 Rb7 32. Kg3 1-0

[Event "SWE-ch"]
[Site "Stockholm"]
[Date "2017.07.15"]
[Round "9"]
[White "Hillarp Persson, Tiger"]
[Black "Hector, Jonny"]
[Result "1-0"]
[WhiteElo "2509"]
[BlackElo "2497"]
[PlyCount "55"]
[EventDate "2017.07.07"]
[EventType "tourn"]
[EventRounds "9"]
[EventCountry "SWE"]
[EventCategory "10"]
[SourceTitle "CBM 179 Extra"]
[Source "ChessBase"]
[SourceDate "2017.08.23"]
[SourceVersion "1"]
[SourceVersionDate "2017.08.23"]
[SourceQuality "1"]
1. d4 d5 2. c4 c6 3. Nf3 Nf6 4. e3 Bf5 5. Nc3 e6 6. Nh4 Be4 7. f3 Bg6 8. Qb3
Qc7 9. Bd2 Be7 10. cxd5 cxd5 11. Nxg6 hxg6 12. O-O-O a6 13. Kb1 Nc6 14. Rc1 O-O
15. Qd1 e5 16. g4 Rad8 17. h4 Rfe8 18. h5 gxh5 19. g5 Nh7 20. f4 g6 21. fxe5
Bb4 22. Bd3 Nxg5 23. Rxh5 Ne6 24. Qg4 Bxc3 25. Bxc3 Kg7 26. Rg1 Kf8 27. Bxg6
fxg6 28. Rh8+ 1-0

[Event "SWE-ch"]
[Site "Stockholm"]
[Date "2017.07.15"]
[Round "9"]
[White "Jogstad, Martin"]
[Black "Smith, Axel"]
[Result "0-1"]
[WhiteElo "2291"]
[BlackElo "2505"]
[PlyCount "84"]
[EventDate "2017.07.07"]
[EventType "tourn"]
[EventRounds "9"]
[EventCountry "SWE"]
[EventCategory "10"]
[SourceTitle "CBM 179 Extra"]
[Source "ChessBase"]
[SourceDate "2017.08.23"]
[SourceVersion "1"]
[SourceVersionDate "2017.08.23"]
[SourceQuality "1"]
1. d4 Nf6 2. c4 e6 3. g3 d5 4. Nf3 dxc4 5. Bg2 Bd7 6. Ne5 Bc6 7. Nxc6 Nxc6 8.
O-O Qd7 9. e3 O-O-O 10. Qa4 Nd5 11. Qxc4 h5 12. Bd2 h4 13. Rc1 hxg3 14. hxg3 f5
15. b4 g5 16. b5 Nce7 17. a4 f4 18. a5 fxg3 19. fxg3 Qd6 20. b6 Qxg3 21. a6
axb6 22. a7 Kd7 23. a8=Q Rxa8 24. Rxa8 Rh2 25. Qf1 Nxe3 26. Bxe3 Rxg2+ 27. Qxg2
Qxe3+ 28. Kh2 Qf4+ 29. Qg3 Qxc1 30. Rxf8 Qxb1 31. Rf7 Qb2+ 32. Kh3 Qxd4 33.
Qxg5 Qc5 34. Qg7 b5 35. Kg2 b4 36. Rf3 Qd5 37. Kf2 c5 38. Qh7 c4 39. Qc2 Qd4+
40. Ke2 b3 41. Qb1 Nf5 42. Rxf5 Qd3+ 0-1

[Event "SWE-ch"]
[Site "Stockholm"]
[Date "2017.07.15"]
[Round "9"]
[White "Westerberg, Jonathan"]
[Black "Tikkanen, Hans"]
[Result "1/2-1/2"]
[WhiteElo "2469"]
[BlackElo "2503"]
[PlyCount "83"]
[EventDate "2017.07.07"]
[EventType "tourn"]
[EventRounds "9"]
[EventCountry "SWE"]
[EventCategory "10"]
[SourceTitle "CBM 179 Extra"]
[Source "ChessBase"]
[SourceDate "2017.08.23"]
[SourceVersion "1"]
[SourceVersionDate "2017.08.23"]
[SourceQuality "1"]
1. e4 c6 2. Nf3 d5 3. Nc3 Bg4 4. h3 Bxf3 5. Qxf3 e6 6. Be2 Nf6 7. O-O dxe4 8.
Nxe4 Nxe4 9. Qxe4 Qd5 10. Qe3 Bc5 11. Qg3 O-O 12. c3 Bd6 13. Qf3 Nd7 14. d4
Qxf3 15. Bxf3 Nb6 16. b3 Rfd8 17. Re1 a5 18. Rb1 Nd5 19. Bd2 Bf4 20. Bxf4 Nxf4
21. h4 Rd7 22. g3 Nd5 23. Rec1 Kf8 24. Rc2 a4 25. Kf1 Ke8 26. Ke1 g6 27. Ke2 h5
28. b4 Nc7 29. Kd3 Nb5 30. Re2 Kd8 31. Rbe1 Kc7 32. Re5 Rad8 33. Be2 b6 34. Kc2
Rd5 35. Bxb5 cxb5 36. Kd3 Kc6 37. f4 R5d6 38. R1e2 R6d7 39. R2e3 Rd6 40. Re2
R6d7 41. Re1 Rd6 42. R1e2 1/2-1/2

[Event "SWE-ch"]
[Site "Stockholm"]
[Date "2017.07.14"]
[Round "8"]
[White "Sagit, Rauan"]
[Black "Jogstad, Martin"]
[Result "1-0"]
[WhiteElo "2406"]
[BlackElo "2291"]
[PlyCount "143"]
[EventDate "2017.07.07"]
[EventType "tourn"]
[EventRounds "9"]
[EventCountry "SWE"]
[EventCategory "10"]
[SourceTitle "CBM 179 Extra"]
[Source "ChessBase"]
[SourceDate "2017.08.23"]
[SourceVersion "1"]
[SourceVersionDate "2017.08.23"]
[SourceQuality "1"]
1. d4 d5 2. Bf4 Nf6 3. e3 c5 4. c3 Nc6 5. Nd2 e6 6. Ngf3 Bd6 7. Bg3 O-O 8. Bb5
Be7 9. O-O Nh5 10. Bxc6 Nxg3 11. hxg3 bxc6 12. Ne5 Qb6 13. dxc5 Bxc5 14. b4 Be7
15. Nb3 Bd6 16. Nf3 Ba6 17. Re1 c5 18. a3 Rac8 19. Qd2 Be7 20. Ne5 Qc7 21. f4
f6 22. Nf3 Rfd8 23. Rec1 Bc4 24. Nxc5 Bxc5 25. bxc5 Qxc5 26. Nd4 Qd6 27. Rcb1
Rb8 28. a4 e5 29. Nf3 Rd7 30. Rb2 Rxb2 31. Qxb2 Ba6 32. Qb4 Qc7 33. Rb1 Be2 34.
Ne1 h5 35. Kf2 Bg4 36. Rb2 Bf5 37. Nf3 Be4 38. fxe5 Bxf3 39. e6 Re7 40. Qb8+
Kh7 41. Qxc7 Rxc7 42. gxf3 Kg6 43. Rb5 Re7 44. Rxd5 Rxe6 45. Ke2 Kh6 46. Rd4
Rb6 47. Rb4 Rd6 48. c4 Rc6 49. Kd3 g5 50. Rb1 h4 51. gxh4 gxh4 52. Kd4 Rd6+ 53.
Kc3 Re6 54. Kd4 Rd6+ 55. Ke4 Re6+ 56. Kf4 Rc6 57. Rc1 Ra6 58. c5 Rxa4+ 59. Kf5
h3 60. c6 h2 61. c7 Rc4 62. Rxc4 h1=Q 63. c8=Q Qxf3+ 64. Ke6 Qxe3+ 65. Kxf6
Qg5+ 66. Ke6 Qg6+ 67. Kd5 Qg2+ 68. Kd6 Qg3+ 69. Kc6 Qf3+ 70. Kc7 Qg3+ 71. Kb7
Qb3+ 72. Ka8 1-0

[Event "SWE-ch"]
[Site "Stockholm"]
[Date "2017.07.14"]
[Round "8"]
[White "Berg, Emanuel"]
[Black "Hillarp Persson, Tiger"]
[Result "1/2-1/2"]
[WhiteElo "2557"]
[BlackElo "2509"]
[PlyCount "47"]
[EventDate "2017.07.07"]
[EventType "tourn"]
[EventRounds "9"]
[EventCountry "SWE"]
[EventCategory "10"]
[SourceTitle "CBM 179 Extra"]
[Source "ChessBase"]
[SourceDate "2017.08.23"]
[SourceVersion "1"]
[SourceVersionDate "2017.08.23"]
[SourceQuality "1"]
1. e4 c5 2. Nf3 d6 3. d4 cxd4 4. Nxd4 Nf6 5. Nc3 Nc6 6. Bg5 e6 7. Qd2 a6 8.
O-O-O h6 9. Nxc6 bxc6 10. Bf4 d5 11. Be2 Bb4 12. Qe3 O-O 13. e5 Nd7 14. Bxh6
Bxc3 15. Bxg7 Kxg7 16. Qg3+ Kh6 17. Qh3+ Kg7 18. Qg3+ Kh6 19. Qh3+ Kg7 20. Qg4+
Kh6 21. Qh5+ Kg7 22. Qg4+ Kh6 23. Qh5+ Kg7 24. Qg4+ 1/2-1/2

[Event "SWE-ch"]
[Site "Stockholm"]
[Date "2017.07.14"]
[Round "8"]
[White "Smith, Axel"]
[Black "Blomqvist, Erik"]
[Result "1/2-1/2"]
[WhiteElo "2505"]
[BlackElo "2552"]
[PlyCount "86"]
[EventDate "2017.07.07"]
[EventType "tourn"]
[EventRounds "9"]
[EventCountry "SWE"]
[EventCategory "10"]
[SourceTitle "CBM 179 Extra"]
[Source "ChessBase"]
[SourceDate "2017.08.23"]
[SourceVersion "1"]
[SourceVersionDate "2017.08.23"]
[SourceQuality "1"]
1. d4 d5 2. c4 c6 3. cxd5 cxd5 4. Bf4 Nf6 5. Nc3 e6 6. e3 Bd6 7. Bxd6 Qxd6 8.
Bd3 O-O 9. f4 b6 10. Nf3 Ba6 11. Ne5 Bxd3 12. Qxd3 Nc6 13. O-O Rfc8 14. Rac1
Qd8 15. a3 Ne7 16. b4 Rc7 17. Rc2 Rac8 18. Rfc1 Ne8 19. Nb5 Rxc2 20. Rxc2 f6
21. Nf3 Rxc2 22. Qxc2 Qd7 23. Nc3 Nd6 24. Nd2 Qc8 25. Qd3 h5 26. Kf2 Nef5 27.
g3 Kf7 28. Ke2 Ke7 29. a4 g5 30. fxg5 fxg5 31. e4 dxe4 32. Ncxe4 Nxe4 33. Nxe4
Qc6 34. d5 exd5 35. Nxg5 Kf6 36. Nf3 Qe8+ 37. Kf2 Qxa4 38. Qxd5 Qc2+ 39. Nd2
Qb2 40. Qd8+ Ke6 41. Qc8+ Ke7 42. Qc7+ Ke6 43. Qc8+ Kd5 1/2-1/2

[Event "SWE-ch"]
[Site "Stockholm"]
[Date "2017.07.14"]
[Round "8"]
[White "Hector, Jonny"]
[Black "Westerberg, Jonathan"]
[Result "1-0"]
[WhiteElo "2497"]
[BlackElo "2469"]
[PlyCount "125"]
[EventDate "2017.07.07"]
[EventType "tourn"]
[EventRounds "9"]
[EventCountry "SWE"]
[EventCategory "10"]
[SourceTitle "CBM 179 Extra"]
[Source "ChessBase"]
[SourceDate "2017.08.23"]
[SourceVersion "1"]
[SourceVersionDate "2017.08.23"]
[SourceQuality "1"]
1. e4 e6 2. d4 d5 3. Nc3 dxe4 4. Nxe4 Bd7 5. Nf3 Bc6 6. Bd3 Nd7 7. O-O Ngf6 8.
Ng3 g6 9. c4 Bg7 10. d5 exd5 11. Re1+ Kf8 12. Bf4 Kg8 13. Rc1 Nb6 14. c5 Nbd7
15. Nd4 Nf8 16. Qd2 h5 17. Qa5 Ne8 18. Nge2 Bf6 19. b4 Kg7 20. Nxc6 bxc6 21.
Qa4 Ne6 22. Bd2 Qd7 23. b5 cxb5 24. Bxb5 Qd8 25. Bd7 Kh7 26. Nf4 Nxf4 27. Bxf4
Bg7 28. Rcd1 Nf6 29. Bc6 Rb8 30. Qxa7 Rb2 31. Qa3 Rc2 32. Rc1 Rxc1 33. Qxc1 Ne4
34. Be3 Nc3 35. Bg5 Qc8 36. Qf4 Qg4 37. Qxg4 hxg4 38. a4 Rb8 39. h3 gxh3 40.
gxh3 Rb2 41. Re7 Ne4 42. Be3 d4 43. Bxe4 dxe3 44. fxe3 f5 45. Bf3 c6 46. Rc7 f4
47. exf4 Rc2 48. Rxc6 Bd4+ 49. Kh1 Bxc5 50. Be4 Rc1+ 51. Kg2 Rg1+ 52. Kf3 Bb4
53. Kf2 Ra1 54. Bxg6+ Kg7 55. Bc2 Ra3 56. Kg2 Bd2 57. f5 Kf7 58. Rb6 Bg5 59.
Bb3+ Ke7 60. Kf3 Ra1 61. Ke4 Rh1 62. Re6+ Kd7 63. Rg6 1-0

[Event "SWE-ch"]
[Site "Stockholm"]
[Date "2017.07.14"]
[Round "8"]
[White "Tikkanen, Hans"]
[Black "Grandelius, Nils"]
[Result "1-0"]
[WhiteElo "2503"]
[BlackElo "2642"]
[PlyCount "91"]
[EventDate "2017.07.07"]
[EventType "tourn"]
[EventRounds "9"]
[EventCountry "SWE"]
[EventCategory "10"]
[SourceTitle "CBM 179 Extra"]
[Source "ChessBase"]
[SourceDate "2017.08.23"]
[SourceVersion "1"]
[SourceVersionDate "2017.08.23"]
[SourceQuality "1"]
1. d4 d5 2. c4 c6 3. Nf3 Nf6 4. e3 Bf5 5. Nc3 a6 6. Qb3 b5 7. cxd5 cxd5 8. a4
b4 9. Qxb4 Nc6 10. Qc5 Bd7 11. Ne5 e6 12. Nxc6 Qc7 13. Ne7 Qxc5 14. dxc5 Bxe7
15. b4 a5 16. b5 Bxc5 17. Bd3 e5 18. Ba3 Bxa3 19. Rxa3 Ke7 20. f4 exf4 21. exf4
Kd6 22. h3 Rhe8+ 23. Kf2 Rac8 24. Rd1 Kc5 25. Ne2 Kb6 26. g4 Rc5 27. Kf3 Bc8
28. g5 Ne4 29. Bxe4 dxe4+ 30. Kf2 Rc4 31. Rd6+ Kc5 32. Rc6+ Kb4 33. Rxc4+ Kxa3
34. Ke3 Bxh3 35. Nd4 Rc8 36. Nc6 Be6 37. Rc3+ Kb2 38. Rc5 Bd7 39. Kxe4 Kb3 40.
Kd5 Kxa4 41. Kd6 Bxc6 42. bxc6 Kb4 43. c7 a4 44. Kd7 Rxc7+ 45. Rxc7 a3 46. Ke8
1-0

[Event "SWE-ch"]
[Site "Stockholm"]
[Date "2017.07.13"]
[Round "7"]
[White "Westerberg, Jonathan"]
[Black "Berg, Emanuel"]
[Result "1/2-1/2"]
[WhiteElo "2469"]
[BlackElo "2557"]
[PlyCount "49"]
[EventDate "2017.07.07"]
[EventType "tourn"]
[EventRounds "9"]
[EventCountry "SWE"]
[EventCategory "10"]
[SourceTitle "CBM 179 Extra"]
[Source "ChessBase"]
[SourceDate "2017.08.23"]
[SourceVersion "1"]
[SourceVersionDate "2017.08.23"]
[SourceQuality "1"]
1. e4 e6 2. d4 d5 3. exd5 exd5 4. Nf3 Bd6 5. c4 c6 6. Nc3 Ne7 7. Bd3 O-O 8. c5
Bc7 9. b4 Bf5 10. O-O Nd7 11. Bg5 f6 12. Bh4 Re8 13. Bg3 Nf8 14. b5 Qd7 15. Rb1
Ba5 16. bxc6 bxc6 17. Qc2 Bxd3 18. Qxd3 Qf5 19. Qd2 Neg6 20. Rb3 Ne6 21. Ra3
Bb4 22. Rb3 Ba5 23. Ra3 Bb4 24. Rb3 Ba5 25. Ra3 1/2-1/2

[Event "SWE-ch"]
[Site "Stockholm"]
[Date "2017.07.13"]
[Round "7"]
[White "Hillarp Persson, Tiger"]
[Black "Smith, Axel"]
[Result "1/2-1/2"]
[WhiteElo "2509"]
[BlackElo "2505"]
[PlyCount "113"]
[EventDate "2017.07.07"]
[EventType "tourn"]
[EventRounds "9"]
[EventCountry "SWE"]
[EventCategory "10"]
[SourceTitle "CBM 179 Extra"]
[Source "ChessBase"]
[SourceDate "2017.08.23"]
[SourceVersion "1"]
[SourceVersionDate "2017.08.23"]
[SourceQuality "1"]
1. Nf3 d5 2. d4 Nf6 3. c4 e6 4. Bg5 dxc4 5. e3 b5 6. a4 c6 7. Nc3 a6 8. g3 Bb7
9. Bg2 Nbd7 10. O-O Be7 11. Qe2 h6 12. Bxf6 Bxf6 13. Nd2 Qb6 14. Nce4 Be7 15.
b3 cxb3 16. Nxb3 bxa4 17. Nbc5 Nxc5 18. dxc5 Qc7 19. Nd6+ Bxd6 20. cxd6 Qd7 21.
Qc2 O-O 22. Qc5 a5 23. Rfd1 Ba6 24. Bxc6 Qa7 25. Qxa7 Rxa7 26. Rxa4 Be2 27. Rd2
Ra6 28. Bb7 Ra7 29. Rxe2 Rxb7 30. e4 f6 31. f4 Rb1+ 32. Kg2 Rd1 33. e5 fxe5 34.
fxe5 Rd5 35. Rc4 Ra8 36. Rc7 a4 37. Rb2 a3 38. Rbb7 a2 39. Rxg7+ Kh8 40. Rh7+
Kg8 41. Rbg7+ Kf8 42. Ra7 Rxa7 43. Rxa7 Rxe5 44. Rxa2 Rd5 45. Ra8+ Kf7 46. Rh8
Kg7 47. Rd8 Rd2+ 48. Kh3 h5 49. d7 e5 50. Kh4 Rxh2+ 51. Kg5 Rd2 52. Kf5 e4 53.
Kxe4 Rd1 54. Kf5 Rd2 55. Kg5 Rd5+ 56. Kh4 Kh7 57. Re8 1/2-1/2

[Event "SWE-ch"]
[Site "Stockholm"]
[Date "2017.07.13"]
[Round "7"]
[White "Blomqvist, Erik"]
[Black "Jogstad, Martin"]
[Result "1-0"]
[WhiteElo "2552"]
[BlackElo "2291"]
[PlyCount "133"]
[EventDate "2017.07.07"]
[EventType "tourn"]
[EventRounds "9"]
[EventCountry "SWE"]
[EventCategory "10"]
[SourceTitle "CBM 179 Extra"]
[Source "ChessBase"]
[SourceDate "2017.08.23"]
[SourceVersion "1"]
[SourceVersionDate "2017.08.23"]
[SourceQuality "1"]
1. e4 c5 2. Nf3 e6 3. d4 cxd4 4. Nxd4 Nc6 5. Nc3 Qc7 6. Be3 a6 7. a3 Nf6 8. f4
d5 9. e5 Nd7 10. Qg4 Nxd4 11. Bxd4 b5 12. Be2 Bb7 13. Qg3 g6 14. Bd3 Nc5 15.
Qe3 Rc8 16. Rc1 Qc6 17. O-O Be7 18. b4 Ne4 19. Nxe4 dxe4 20. Be2 O-O 21. c4
bxc4 22. Bxc4 Qa4 23. Bb6 Rc6 24. Be2 Rfc8 25. Rxc6 Qxc6 26. Rd1 Qe8 27. Kf2
Rc2 28. Rd2 Qa4 29. Rxc2 Qxc2 30. Bd4 Qc6 31. g3 Qd5 32. h4 h5 33. Qc3 Kg7 34.
Ke3 Bf8 35. Qc4 Be7 36. Qc3 Bd8 37. Bc4 Qd7 38. Bb3 Bd5 39. Bxd5 Qxd5 40. Qc2
Qb5 41. Qxe4 Qf1 42. Kd2 Qc4 43. Qd3 Qc6 44. Bc5 Bc7 45. Kc3 Qa4 46. Kb2 Kh7
47. Bf2 Qc6 48. Kb3 Qg2 49. Bc5 Qc6 50. Bd4 Bd8 51. Bc5 Bc7 52. a4 a5 53. Qc3
Qd5+ 54. Ka3 axb4+ 55. Bxb4 Bb6 56. a5 Bd4 57. Qc7 Qf3+ 58. Ka4 Qd1+ 59. Kb5
Qd3+ 60. Qc4 Qe4 61. a6 Kg7 62. Ka4 Qe3 63. Qc8 Kh7 64. Qf8 Qe4 65. Qxf7+ Kh8
66. Qe8+ Kh7 67. Qd7+ 1-0

[Event "SWE-ch"]
[Site "Stockholm"]
[Date "2017.07.13"]
[Round "7"]
[White "Tikkanen, Hans"]
[Black "Sagit, Rauan"]
[Result "1-0"]
[WhiteElo "2503"]
[BlackElo "2406"]
[PlyCount "187"]
[EventDate "2017.07.07"]
[EventType "tourn"]
[EventRounds "9"]
[EventCountry "SWE"]
[EventCategory "10"]
[SourceTitle "CBM 179 Extra"]
[Source "ChessBase"]
[SourceDate "2017.08.23"]
[SourceVersion "1"]
[SourceVersionDate "2017.08.23"]
[SourceQuality "1"]
1. d4 f5 2. Nf3 Nf6 3. Bf4 e6 4. e3 b6 5. Bd3 Bb7 6. h3 Be7 7. c3 O-O 8. Nbd2
Ne4 9. Rg1 Bd6 10. Ne5 Qh4 11. Qe2 Nxd2 12. Kxd2 Bxe5 13. dxe5 d6 14. exd6 cxd6
15. Bxd6 Rd8 16. Bg3 Qc4 17. b3 Qa6 18. f3 Be4 19. fxe4 fxe4 20. Rgd1 Rxd3+ 21.
Ke1 Nd7 22. c4 Rf8 23. Bd6 Rf7 24. Rxd3 exd3 25. Qxd3 Qa5+ 26. b4 Qg5 27. Qe2
e5 28. Kd2 Nf6 29. Qf3 Rd7 30. Qa8+ Kf7 31. c5 bxc5 32. bxc5 e4 33. Rf1 Qxc5
34. Qf8+ Ke6 35. Qe7+ Rxe7 36. Bxc5 Rc7 37. Bd4 Rc4 38. a3 Ra4 39. Ra1 g6 40.
Kc3 Nd5+ 41. Kb3 Ra5 42. a4 Ne7 43. Rc1 Ra6 44. Rc7 Nc6 45. Bc3 Ne7 46. Rc4
Rb6+ 47. Kc2 Nf5 48. Rxe4+ Kd5 49. Re8 Nd6 50. Re7 Ra6 51. a5 Nb5 52. Bd2 h5
53. Kd3 Rf6 54. e4+ Kc6 55. Ke3 Rd6 56. Rg7 Re6 57. Kf4 a6 58. e5 Kd5 59. Rd7+
Kc6 60. Rd3 Kc5 61. Ke4 Kc6 62. Be3 Re8 63. Bb6 Re6 64. Rf3 Nd6+ 65. Kf4 Nc4
66. Rc3 Kd5 67. Rd3+ Kc6 68. Bd4 Nxa5 69. Ke4 Nb7 70. Rc3+ Kd7 71. Kd5 Nd8 72.
Rf3 Nc6 73. Rf7+ Ne7+ 74. Ke4 Kc6 75. Rf6 Rxf6 76. exf6 Nf5 77. f7 Nd6+ 78. Ke5
Nxf7+ 79. Kf6 Nd8 80. Kxg6 Ne6 81. Be3 a5 82. Kxh5 a4 83. Bc1 Nc5 84. Ba3 Nd3
85. Kg5 Ne1 86. g4 Kd5 87. Kf6 Nf3 88. g5 Nd2 89. g6 Ne4+ 90. Ke7 Ng3 91. g7
Nf5+ 92. Kf6 Nh6 93. Bc1 a3 94. Bxh6 1-0

[Event "SWE-ch"]
[Site "Stockholm"]
[Date "2017.07.13"]
[Round "7"]
[White "Grandelius, Nils"]
[Black "Hector, Jonny"]
[Result "1-0"]
[WhiteElo "2642"]
[BlackElo "2497"]
[PlyCount "75"]
[EventDate "2017.07.07"]
[EventType "tourn"]
[EventRounds "9"]
[EventCountry "SWE"]
[EventCategory "10"]
[SourceTitle "CBM 179 Extra"]
[Source "ChessBase"]
[SourceDate "2017.08.23"]
[SourceVersion "1"]
[SourceVersionDate "2017.08.23"]
[SourceQuality "1"]
1. c4 e5 2. Nc3 Bb4 3. Nd5 Be7 4. d4 d6 5. e4 Nf6 6. Nxe7 Qxe7 7. f3 exd4 8.
Qxd4 Nc6 9. Qc3 O-O 10. Ne2 Nd7 11. Nf4 Nb6 12. Be3 Bd7 13. Be2 Rae8 14. O-O-O
Kh8 15. g4 Ne5 16. b3 c5 17. Qd2 Nc8 18. Nd5 Qd8 19. h4 a6 20. h5 b5 21. h6 g6
22. g5 bxc4 23. f4 cxb3 24. axb3 Bc6 25. fxe5 Bxd5 26. exd5 Rxe5 27. Bf4 Re4
28. Bf3 Rb4 29. Qb2+ f6 30. Bd2 Rb7 31. Bc3 Kg8 32. Bxf6 Qd7 33. Rh4 Ne7 34.
Re4 Nf5 35. Bg4 Rfb8 36. Re7 Qb5 37. Bxf5 gxf5 38. g6 1-0

[Event "SWE-ch"]
[Site "Stockholm"]
[Date "2017.07.12"]
[Round "6"]
[White "Sagit, Rauan"]
[Black "Blomqvist, Erik"]
[Result "0-1"]
[WhiteElo "2406"]
[BlackElo "2552"]
[PlyCount "76"]
[EventDate "2017.07.07"]
[EventType "tourn"]
[EventRounds "9"]
[EventCountry "SWE"]
[EventCategory "10"]
[SourceTitle "CBM 179 Extra"]
[Source "ChessBase"]
[SourceDate "2017.08.23"]
[SourceVersion "1"]
[SourceVersionDate "2017.08.23"]
[SourceQuality "1"]
1. Nf3 d5 2. g3 g6 3. Bg2 Bg7 4. d4 Nd7 5. O-O Ngf6 6. b3 O-O 7. Bb2 b6 8. Nbd2
Bb7 9. c4 e6 10. Rc1 c5 11. Rc2 Qe7 12. Qa1 dxc4 13. Nxc4 Rac8 14. Rd1 Rfd8 15.
Rcd2 Ne4 16. Rd3 b5 17. Na5 Bd5 18. dxc5 Bxb2 19. Qxb2 Ndxc5 20. Rd4 Qc7 21.
Qa3 Nc3 22. Re1 e5 23. Rh4 Bxf3 24. Bxf3 e4 25. Bg2 Rd2 26. b4 Ne6 27. Kf1 Rxa2
28. Qc1 f5 29. Qe3 Rb2 30. f3 Nd5 31. Qh6 Nf6 32. Bh3 Nd4 33. fxe4 Nxe4 34. Rd1
Rd8 35. Qe3 Rxe2 36. Rc1 Qxc1+ 37. Qxc1 Rf2+ 38. Ke1 Nf3# 0-1

[Event "SWE-ch"]
[Site "Stockholm"]
[Date "2017.07.12"]
[Round "6"]
[White "Hector, Jonny"]
[Black "Tikkanen, Hans"]
[Result "0-1"]
[WhiteElo "2497"]
[BlackElo "2503"]
[PlyCount "44"]
[EventDate "2017.07.07"]
[EventType "tourn"]
[EventRounds "9"]
[EventCountry "SWE"]
[EventCategory "10"]
[SourceTitle "CBM 179 Extra"]
[Source "ChessBase"]
[SourceDate "2017.08.23"]
[SourceVersion "1"]
[SourceVersionDate "2017.08.23"]
[SourceQuality "1"]
1. e4 c6 2. d4 d5 3. Nd2 dxe4 4. Nxe4 Bf5 5. Ng3 Bg6 6. Nh3 Nd7 7. Bc4 e6 8.
Nf4 Bd6 9. O-O Qh4 10. Qf3 O-O-O 11. Re1 e5 12. Ba6 Ne7 13. Nxg6 hxg6 14. Bg5
Qxh2+ 15. Kf1 f6 16. Ne4 Bc7 17. Qa3 Nf5 18. dxe5 Qxe5 19. Bd3 fxg5 20. g3 Rh1+
21. Kg2 Rxe1 22. Rxe1 Qa5 0-1

[Event "SWE-ch"]
[Site "Stockholm"]
[Date "2017.07.12"]
[Round "6"]
[White "Berg, Emanuel"]
[Black "Grandelius, Nils"]
[Result "1/2-1/2"]
[WhiteElo "2557"]
[BlackElo "2642"]
[PlyCount "139"]
[EventDate "2017.07.07"]
[EventType "tourn"]
[EventRounds "9"]
[EventCountry "SWE"]
[EventCategory "10"]
[SourceTitle "CBM 179 Extra"]
[Source "ChessBase"]
[SourceDate "2017.08.23"]
[SourceVersion "1"]
[SourceVersionDate "2017.08.23"]
[SourceQuality "1"]
1. d4 d5 2. Nf3 Nf6 3. Bf4 e6 4. e3 Bd6 5. Bxd6 Qxd6 6. c4 O-O 7. Nc3 b6 8.
cxd5 exd5 9. Rc1 a6 10. Qc2 Bb7 11. Bd3 Nbd7 12. O-O Rfe8 13. Na4 Rac8 14. Nc5
bxc5 15. dxc5 Qc6 16. Nd4 Qxc5 17. Qxc5 Nxc5 18. Rxc5 Nd7 19. Ra5 c5 20. Bf5
Red8 21. Nb3 c4 22. Bxd7 Rxd7 23. Nd4 Rd6 24. Rc1 Rb6 25. Rc2 Kf8 26. Kf1 Ke7
27. Ke2 g6 28. Kd1 Kd6 29. Kc1 Rc5 30. Rxc5 Kxc5 31. Kd2 Bc8 32. Kc3 a5 33. b3
Bd7 34. Rb2 Rb7 35. Nf3 Be6 36. Nd2 Bf5 37. a3 Bd3 38. b4+ Kc6 39. Nf3 axb4+
40. Rxb4 Ra7 41. Nd4+ Kc5 42. Rb5+ Kd6 43. Rb6+ Kc7 44. Rf6 Rxa3+ 45. Kb2 Ra8
46. Rxf7+ Kd6 47. Rxh7 Rf8 48. f4 Re8 49. Rh3 Kc5 50. Kc3 Be4 51. Rh7 Bxg2 52.
Rc7+ Kb6 53. Rc6+ Ka5 54. Re6 Rxe6 55. Nxe6 Be4 56. h4 Kb6 57. Kd4 Kc6 58. Ng5
Bd3 59. Nf3 Kd6 60. Ne5 Bf5 61. Nf3 Be4 62. Nd2 Bd3 63. e4 Bxe4 64. Nxe4+ dxe4
65. Kxc4 Ke6 66. Kd4 Kf5 67. Ke3 Kg4 68. Kxe4 Kxh4 69. f5 gxf5+ 70. Kxf5
1/2-1/2

[Event "SWE-ch"]
[Site "Stockholm"]
[Date "2017.07.12"]
[Round "6"]
[White "Smith, Axel"]
[Black "Westerberg, Jonathan"]
[Result "1/2-1/2"]
[WhiteElo "2505"]
[BlackElo "2469"]
[PlyCount "80"]
[EventDate "2017.07.07"]
[EventType "tourn"]
[EventRounds "9"]
[EventCountry "SWE"]
[EventCategory "10"]
[SourceTitle "CBM 179 Extra"]
[Source "ChessBase"]
[SourceDate "2017.08.23"]
[SourceVersion "1"]
[SourceVersionDate "2017.08.23"]
[SourceQuality "1"]
1. d4 d5 2. c4 dxc4 3. e4 e5 4. Nf3 exd4 5. Bxc4 Nc6 6. O-O Bc5 7. Nbd2 Bb6 8.
Bb5 Nge7 9. Nc4 O-O 10. b3 Bg4 11. Bb2 Bc5 12. Rc1 a6 13. Bxc6 Nxc6 14. Na5
Nxa5 15. Rxc5 Nc6 16. h3 Qe7 17. Ba3 Bxf3 18. Qxf3 b6 19. Rxc6 Qxa3 20. Rxc7
Qxa2 21. Rfc1 Rad8 22. Qd3 Qa5 23. f4 Rfe8 24. Kh2 Qh5 25. R7c6 Qh4 26. g3 Qe7
27. e5 Qb4 28. Rd1 Rd7 29. Rc4 Qb5 30. Rxd4 Qxd3 31. R1xd3 Rxd4 32. Rxd4 f6 33.
Rd6 fxe5 34. Rxb6 exf4 35. gxf4 Re3 36. Kg2 Kf7 37. b4 Ra3 38. b5 axb5 39. Rxb5
Kf6 40. Rb6+ Kf5 1/2-1/2

[Event "SWE-ch"]
[Site "Stockholm"]
[Date "2017.07.12"]
[Round "6"]
[White "Jogstad, Martin"]
[Black "Hillarp Persson, Tiger"]
[Result "0-1"]
[WhiteElo "2291"]
[BlackElo "2509"]
[PlyCount "136"]
[EventDate "2017.07.07"]
[EventType "tourn"]
[EventRounds "9"]
[EventCountry "SWE"]
[EventCategory "10"]
[SourceTitle "CBM 179 Extra"]
[Source "ChessBase"]
[SourceDate "2017.08.23"]
[SourceVersion "1"]
[SourceVersionDate "2017.08.23"]
[SourceQuality "1"]
1. d4 Nf6 2. c4 g6 3. Nc3 Bg7 4. e4 d6 5. Be2 O-O 6. Nf3 Bg4 7. Be3 Nfd7 8. Ng1
Bxe2 9. Ngxe2 a6 10. O-O c5 11. dxc5 Nxc5 12. Qd2 Nc6 13. f3 Qa5 14. Rab1 b5
15. b4 Nxb4 16. Nd5 Nxd5 17. Qxa5 Nxe3 18. Rfc1 Nxc4 19. Rxc4 bxc4 20. Rc1 Rab8
21. Rxc4 Rb2 22. Nc1 Rb1 23. g3 Bh6 24. f4 e5 25. Qd2 exf4 26. e5 Ne6 27. exd6
Bg5 28. Qc2 Rb6 29. h4 Bf6 30. gxf4 Rxd6 31. Rc6 Nd4 32. Rxd6 Nxc2 33. Rxf6 Nd4
34. Rxa6 Rc8 35. Nd3 Nf3+ 36. Kf2 Nxh4 37. a4 Rc2+ 38. Ke3 Nf5+ 39. Ke4 Rc4+
40. Kf3 Rc3 41. Ke4 h5 42. a5 h4 43. Rb6 Ra3 44. a6 h3 45. Rb2 Rxa6 46. Rh2
Re6+ 47. Ne5 f6 48. Rxh3 fxe5 49. fxe5 Ra6 50. Rc3 Kf7 51. Kf4 Ne7 52. Rc5 Ra4+
53. Kg5 Ra1 54. Rb5 Rg1+ 55. Kf4 g5+ 56. Ke4 Rg4+ 57. Kf3 Rf4+ 58. Kg3 Ke6 59.
Rb7 Nf5+ 60. Kg2 Kxe5 61. Rb6 Rd4 62. Ra6 g4 63. Rb6 Rd2+ 64. Kg1 Nd4 65. Rg6
Kf4 66. Ra6 Kg3 67. Ra3+ Nf3+ 68. Kf1 Rf2# 0-1